| 000 | 00000nam##2200000za#4500 |
| 001 | 9.575778 |
| 003 | CaOODSP |
| 005 | 20210624184827 |
| 007 | cr ||||||||||| |
| 008 | 150406|2003||||xxc|||||o f|0| 0 eng|d |
| 040 | |aCaOODSP|beng |
| 043 | |an-cn--- |
| 086 | 1 |aTU3-6/03-26E-PDF |
| 110 | 2 |aTransportation Safety Board of Canada. |
| 245 | 10|aYard collision - Canadian Pacific Railway Car No. HOKX 111044 Mile 197.0, Belleville Subdivision Toronto Yard, Agincourt, Ontario, 21 January 2003 |h[electronic resource] |
| 260 | |aOttawa - Ontario : |bTransportation Safety Board of Canada |c[2003]. |
| 300 | |a13p.|bfigs. |
| 490 | 1 |aRailway investigation report |vR03T0026 |
| 590 | |a13-08-Supp|b2013-04-02 |
| 775 | 08|tCollision dans un triage Chemin de fer Canadien Pacifique Wagon no HOKX 111044 Point milliaire 197,0 de la subdivision Belleville, Triage Toronto, Agincourt (Ontario), le 21 janvier 2003 |w(CaOODSP)9.605209 |
| 830 | #0|aRailway investigation report ;|vR03T0026|w(CaOODSP)9.504849 |
| 856 | 40|ahttp://publications.gc.ca|qPDF|s293 KB|uhttps://publications.gc.ca/collections/collection_2013/bst-tsb/TU3-6-03-26-eng.pdf|yR03T0026 |